000 00394nam a22001457a 4500
003 OSt
005 20160803110243.0
008 160803b xxu||||| |||| 00| 0 eng d
020 _a0534128173
040 _cN/A
100 _aMary Jane McCarthy ... at al
245 _aReading and learning across the disciplines
260 _aCalifornia
_bWadsworth publishing company
_c1993
942 _2lcc
_cBK
999 _c254913
_d254912